000
003290000a22001450004500
003
MACL
040
_a
MACL
090
_c
33972
_d
33970
100
_a
Nelson, Stephen L.
245
_a
Office 97 For Windows
260
_b
Tata Mcgraw Hill Publishing
350
_a
195
650
_a
Computer probraming
942
_c
BOOK
_k
005.133/Nel
999
_c
33616
_d
33616